000 00871nam0a2200253 4500
001 RU\NLR\ONL1\1781
005 20260406072258.0
035 _a(NLR Aleph) 009630539
090 _a9490553
_c9490553
100 _a20030902d1965 |||y0rusy50 ca
101 0 _achm
102 _aRU
105 _aa |||||||||
200 1 _aМичуш
_eПовесть
_eДля сред. и старшего шк. возраста
210 _aЙошкар-Ола
_cКн. лукшо марий изд.
_d1965
215 _a108 с.
_cил.
_d21
686 1 _aШ9(2)6=Мар-4
700 1 _4070
_8rus
_7ca
_aАрбан
_bН. М.
_f1912-
_gНиколай Михайлович
_cмарийский писатель
_3RU\NLR\auth-onl\7769
_9130129
801 0 _aRU
_bNLR
_c20030902
_gPSBO
852 _aNLR
_bОНЛ
_jМар.л./3-1682
942 _cBOOK
980 _aNB